Trace elements and dental caries (Record no. 32926)

MARC details
000 -LEADER
fixed length control field 00707nam a2200193 a 4500
008 - FIXED-LENGTH DATA ELEMENTS--GENERAL INFORMATION
fixed length control field 160405s2011 ||||||||||||||||| || u
020 ## - INTERNATIONAL STANDARD BOOK NUMBER
International Standard Book Number 9789350251997
050 ## - LIBRARY OF CONGRESS CALL NUMBER
Classification number RK 305 Sin
100 ## - MAIN ENTRY--PERSONAL NAME
Personal name Singh, Abhinav
245 10 - TITLE STATEMENT
Title Trace elements and dental caries
Statement of responsibility, etc. By Abhinav Singh
260 ## - PUBLICATION, DISTRIBUTION, ETC.
Place of publication, distribution, etc. New Delhi:
Name of publisher, distributor, etc. Jaypee Brothers Medical publishers
Date of publication, distribution, etc. 2011
300 ## - PHYSICAL DESCRIPTION
Extent xvi, 171p.
350 ## -
-- 21.00
650 ## - SUBJECT ADDED ENTRY--TOPICAL TERM
Topical term or geographic name entry element DENTAL CARIES
650 ## - SUBJECT ADDED ENTRY--TOPICAL TERM
Topical term or geographic name entry element TRACE ELEMENTS
650 ## - SUBJECT ADDED ENTRY--TOPICAL TERM
Topical term or geographic name entry element TEETH--DISEASES
650 ## - SUBJECT ADDED ENTRY--TOPICAL TERM
Topical term or geographic name entry element DENTAL CARIES--ETIOLOGY
995 ## -
-- MICHAEL CHILUFYA SATA OPEN ACCESS
-- 903462
-- CBU-SCHOOL OF MEDICINE LIBRARY (Ndola)
-- 21.00
-- RK 305 Sin
-- 1
-- AVAILABLE
-- Apr 11, 2016
-- 903462
-- Medical Library Open Access Collection
999 ## -
-- 32926
-- 32926
Holdings
Withdrawn status Lost status Source of classification or shelving scheme Damaged status Not for loan Permanent Location Current Location Shelving location Date acquired Total Checkouts Full call number Barcode Date last seen Price effective from Koha item type
          CBU-SCHOOL OF MEDICINE LIBRARY, NDOLA. CBU-SCHOOL OF MEDICINE LIBRARY, NDOLA.   11/30/2022   RK 305 Sin 903462 11/30/2022 11/30/2022 MONOGRAPH